Statistics for Free Discography

Click here to take the quiz!

General Stats

  • This quiz has been taken 3 times
  • The average score is 5 of 29

Answer Stats

TypeYearName% Correct
Album1969Free
100%
Video Album1989Free
100%
Compilation2010Wishing Well: The Collection
67%
Compilation2001All Right Now
33%
Compilation2012All Right Now: The Collection
33%
Album1970Fire and Water
33%
Album1972Free at Last
33%
Live Album1971Free Live!
33%
Album1973Heartbreaker
33%
Compilation1991The Best of Free: All Right Now
33%
Album1969Tons of Sobs
33%
Compilation200220th Century Masters - The Millennium Collection: The Best of Free
0%
Compilation1974Best of Free
0%
Compilation2006Chronicles
0%
Compilation2001Classic Free
0%
Compilation1982Completely Free
0%
Video Album2006Forever
0%
Compilation1976Free & Easy, Rough & Ready
0%
Album1970Highway
0%
Live Album2006Live at the BBC
0%
Compilation1993Molten Gold: The Anthology
0%
Compilation2008Rock Legends
0%
Compilation2000Songs of Yesterday
0%
EP1978The Free EP
0%
Compilation1973The Free Story
0%
Collaborative Compilation2010The Very Best of Free & Bad Company Featuring Paul Rodgers
0%
Compilation2016The Vinyl Collection
0%
Compilation2007Walking in My Shadow: The Free Collection
0%
Compilation1998Walk in My Shadow: An Introduction to Free
0%

Score Distribution

Percentile by Number Answered

Percent of People with Each Score

Your Score History

You have not taken this quiz